Calculus for business, economics, and the social and life sciences (Record no. 7536)
[ view plain ]
| 000 -LEADER | |
|---|---|
| fixed length control field | 00576 a2200193 4500 |
| 020 ## - INTERNATIONAL STANDARD BOOK NUMBER | |
| International Standard Book Number | 0-07-304018-5 |
| 040 ## - CATALOGING SOURCE | |
| Original cataloging agency | DLC |
| Language of cataloging | DLC |
| 082 ## - DEWEY DECIMAL CLASSIFICATION NUMBER | |
| Classification number | 515 |
| 100 1# - MAIN ENTRY--PERSONAL NAME | |
| Personal name | Hoffmann, Laurence D. |
| 245 00 - TITLE STATEMENT | |
| Title | Calculus for business, economics, and the social and life sciences |
| Statement of responsibility, etc. | Laurence D. Hoffmann, Smith Barney Inc., and Gerald L. Bradley |
| 250 ## - EDITION STATEMENT | |
| Edition statement | 7. ed. |
| 260 ## - PUBLICATION, DISTRIBUTION, ETC. | |
| Place of publication, distribution, etc. | London : |
| Name of publisher, distributor, etc. | McGraw-Hill, |
| Date of publication, distribution, etc. | cop. 2000 |
| 300 ## - PHYSICAL DESCRIPTION | |
| Extent | 723 s. |
| 500 ## - GENERAL NOTE | |
| General note | F�reg. uppl.: 1995 |
| 650 #7 - SUBJECT ADDED ENTRY--TOPICAL TERM | |
| Topical term or geographic name entry element | Calculus |
| 700 1# - ADDED ENTRY--PERSONAL NAME | |
| Personal name | Bradley, Gerald L. |
| 710 2# - ADDED ENTRY--CORPORATE NAME | |
| Corporate name or jurisdiction name as entry element | Smith Barney Inc |
| 942 ## - ADDED ENTRY ELEMENTS (KOHA) | |
| Koha item type | Book |
| Call number prefix | 515 HOF |
| Source of classification or shelving scheme | |
| Withdrawn status | Lost status | Damaged status | Not for loan | Collection code | Permanent Location | Current Location | Shelving location | Date acquired | Source of acquisition | Cost, normal purchase price | Total Checkouts | Total Renewals | Full call number | Barcode | Date last seen | Date last checked out | Price effective from | Koha item type |
|---|---|---|---|---|---|---|---|---|---|---|---|---|---|---|---|---|---|---|
| Central Library (CL) | Central Library (CL) | General Stacks | 07/22/2004 | Donation | 0.00 | 1 | 1 | 515 HOF | SEECS004630 | 05/31/2024 | 09/21/2019 | 01/05/2017 | Book | |||||
| Central Library (CL) | Central Library (CL) | General Stacks | 07/22/2004 | Donation | 0.00 | 1 | 515 HOF | SEECS004629 | 03/18/2022 | 11/26/2021 | 01/05/2017 | Book | ||||||
| Central Library (CL) | Central Library (CL) | General Stacks | 05/19/2014 | 3 | 1 | 515 HOF | SEECSD00023 | 10/21/2019 | 09/16/2019 | 01/05/2017 | Book |
